|
|
|
|
| LEADER |
00000nam0a2200000 4500 |
| 001 |
268632 |
| 005 |
20231101234202.0 |
| 020 |
|
|
|a RU
|b 85-79786
|
| 035 |
|
|
|a (RuTPU)RU\TPU\book\291783
|
| 090 |
|
|
|a 268632
|
| 100 |
|
|
|a 20140905d1985 km y0rusy5003 ca
|
| 101 |
0 |
|
|a rus
|
| 102 |
|
|
|a RU
|
| 105 |
|
|
|a a z 001zy
|
| 200 |
1 |
|
|a Технологические основы гибких автоматических производств
|f В. Г. Логашев
|
| 210 |
|
|
|a Ленинград
|c Машиностроение
|d 1985
|
| 215 |
|
|
|a 176 с.
|c ил.
|d 21 см
|
| 320 |
|
|
|a Библиогр.: с. 173-174
|
| 606 |
1 |
|
|a Гибкие производственные системы
|2 stltpush
|3 (RuTPU)RU\TPU\subj\6412
|9 34297
|
| 610 |
1 |
|
|a производство
|
| 610 |
1 |
|
|a автоматизация
|
| 610 |
1 |
|
|a функциональные системы
|
| 610 |
1 |
|
|a создание
|
| 610 |
1 |
|
|a технологическое обеспечение
|
| 610 |
1 |
|
|a интегрированные системы
|
| 610 |
1 |
|
|a проекты
|
| 610 |
1 |
|
|a разработка
|
| 610 |
1 |
|
|a ГАП
|
| 610 |
1 |
|
|a гибкие автоматизированные производства
|
| 675 |
|
|
|a 658.52.011.56.012.3
|z rus
|v 3
|
| 700 |
|
1 |
|a Логашев
|b В. Г.
|g Вячеслав Георгиевич
|4 070
|
| 801 |
|
0 |
|a RU
|b RuMRKP
|c 19950704
|g psbo
|
| 801 |
|
1 |
|a RU
|b 63413507
|c 20140905
|
| 801 |
|
2 |
|a RU
|b 63413507
|c 20161014
|g RCR
|
| 942 |
|
|
|c BK
|